000
00238nam a22001097a 4500
041
_a
ENG
245
_a
Post Harvest Technology Of Horticural
260
_a
Delhi
_b
ICAR
_c
1998
300
_a
184
650
_a
APE ( 02 )
856
_u
APE ( 02 )
999
_c
2865
_d
2865